| 000 -ლიდერი |
| ფიქსირებული სიგრძის საკონტროლო ველი |
01884nam a22002777a 4500 |
| 003 - საკონტროლო ნომრის იდენტიფიკატორი |
| საკონტროლო ველი |
Ge_BSU |
| 005 - ბოლო ოპერაციის თარიღი და დრო |
| საკონტროლო ველი |
20241008144056.0 |
| 008 - ფიქსირებული სიგრძის მონაცემთა ელემენტები - ზოგადი ინფორმაცია |
| ფიქსირებული სიგრძის საკონტროლო ველი |
241008s2023 ge ||||| |||| 00| 0 geo d |
| 020 ## - წიგნის საერთაშორისო სტანდარტული ნომერი |
| International Standard Book Number |
9789941982057 |
| 041 ## - ენის კოდი |
| Language code of text/sound track or separate title |
geo |
| 080 ## - უნივერსალური ათობითი კლასიფიკაციის ინდექსი |
| Universal Decimal Classification number |
726:27-523.4(=353.1)(560) ბ-29 |
| 245 ## - ცნობა სათაურის შესახებ |
| Title |
ბასიანის ძეგლების 2022 წლის საკვლევი ექსპედიციის ანგარიში / |
| Statement of responsibility, etc |
ავტორები თ. ხუციშვილი, ნ. არონიშიძე, ბ. გოზალიშვილი და სხვ. |
| 264 ## - წარმოების, გამოცემის, დისტრიბუციის და სხვა ცნობები |
| გამოცემის, წარმოების, დისტრიბუციის... ადგილი |
თბილისი : |
| გამოცემის, წარმოების, დისტრიბუციის... სახელწოდება |
კავკასიის უნივერსიტეტის გამომცემლობა, |
| გამოცემის, წარმოების, დისტრიბუციის... თარიღი |
2023. |
| 300 ## - ფიზიკური აღწერა |
| Extent |
87 გვ. : |
| Other physical details |
ფოტ. ; |
| Dimensions |
29 სმ. |
| 500 ## - ზოგადი შენიშვნა |
| General note |
ანგარიში იბეჭდება შოთა რუსთაველის ეროვნული სამეცნიერო ფონდის დაფინანსებით. |
| 504 ## - BIBLIOGRAPHY, ETC. NOTE |
| Bibliography, etc |
ბიბლიოგრაფია: გვ. 85-87. |
| 653 ## - INDEX TERM--UNCONTROLLED |
| Uncontrolled term |
ქართული ეკლესიები თურქეთში |
| 653 ## - INDEX TERM--UNCONTROLLED |
| Uncontrolled term |
ქართული ციხე- სიმაგრეები თურქეთში. |
| 700 ## - ADDED ENTRY--PERSONAL NAME |
| Personal name |
ხუციშვილი, თ. |
| Relator term |
ავტორი |
| 9 (RLIN) |
13601 |
| 700 ## - ADDED ENTRY--PERSONAL NAME |
| Personal name |
არონიშიძე, ნოდარ |
| Relator term |
ავტორი. |
| 9 (RLIN) |
23346 |
| 700 ## - ADDED ENTRY--PERSONAL NAME |
| Personal name |
გაჩეჩილაძე, დავით |
| Relator term |
ავტორი |
| 9 (RLIN) |
17917 |
| 700 ## - ADDED ENTRY--PERSONAL NAME |
| Personal name |
გოზალიშვილი, ბებურ და სხვ. |
| Relator term |
ავტორი. |
| 9 (RLIN) |
23347 |
| 773 ## - HOST ITEM ENTRY |
| Title |
ნაჩუქარი |
| 856 ## - ELECTRONIC LOCATION AND ACCESS |
| Uniform Resource Identifier |
https://dspace.nplg.gov.ge/bitstream/1234/438552/1/BasianisDzeglebis2022WlisSakvleviEqspediciisAngarishi.pdf |
| Link text |
ელ. ვერსია |
| 942 ## - ADDED ENTRY ELEMENTS (KOHA) |
| Source of classification or shelving scheme |
|
| Koha item type |
წიგნი |